000 00581nam a22002177a 4500
003 OSt
005 20250908160844.0
008 250908t2008 sp ||||r|||| 00| 0 spa d
020 _a978-84-9019-565-9
040 _cBesoc
080 _0141.72
100 1 _aVarela, Nuria,
_d1967-
_eautor
245 1 0 _aFeminismo para principiantes /
_cNuria Varela.
250 _a1a ed.
260 _aBarcelona :
_bEdiciones en Dos Ruedas,
_c2008.
300 _a[474 p. ] :
_c21 cm.
504 _aIncluye bibliografía y notas.
650 4 _aFeminismo
650 4 _aHistoria
942 _2udc
_cLPD
_n0
999 _c581
_d581